[Event "Plzen, FSB A"]
[Site "?"]
[Date "2003.??.??"]
[Round "5.31"]
[White "Priborsky, I."]
[Black "Bujak, M."]
[Result "1-0"]
[WhiteElo "2100"]
[BlackElo "2159"]
[PlyCount "79"]
[EventDate "2003.??.??"]
[Source "ChessBase"]
[SourceDate "1996.11.15"]

1. e4 e5 2. Nf3 Nc6 3. Bb5 f5 4. d3 fxe4 5. dxe4 Nf6 6. O-O Bc5 7. Bg5 d6 8.
Nc3 O-O 9. Nd5 Bg4 10. Nxf6+ gxf6 11. Bh6 Nd4 12. Bc4+ Kh8 13. Nxd4 Bxd1 14.
Nf5 Qd7 15. Bxf8 Rxf8 16. Raxd1 c6 17. c3 d5 18. b4 Bb6 19. Bb3 Qc8 20. c4 dxe4
21. Nd6 Qg4 22. c5 Bc7 23. Nf7+ Kg7 24. h3 Qc8 25. Nd6 Bxd6 26. Rxd6 Re8 27.
Rfd1 Re7 28. g4 b6 29. Rd8 Qa6 30. Rg8+ Kh6 31. g5+ Kh5 32. gxf6 Rf7 33. Bxf7+
Kh4 34. Kh2 h5 35. Rdg1 Qe2 36. R1g4+ hxg4 37. Rxg4+ Qxg4 38. hxg4 Kg5 39. cxb6
axb6 40. Be8 1-0

[Event "Plzen, FSB A"]
[Site "?"]
[Date "2003.??.??"]
[Round "5.32"]
[White "Hodova, L."]
[Black "Havlik jr., J."]
[Result "1/2-1/2"]
[WhiteElo "2059"]
[BlackElo "2151"]
[PlyCount "90"]
[EventDate "2003.??.??"]
[Source "ChessBase"]
[SourceDate "1996.11.15"]

1. e4 e5 2. Nf3 Nc6 3. Bb5 a6 4. Ba4 Nf6 5. O-O Be7 6. Re1 b5 7. Bb3 O-O 8. h3
d6 9. c3 Na5 10. Bc2 c5 11. d4 Nc6 12. d5 Nb8 13. Nbd2 Nbd7 14. Nf1 Re8 15. Ng3
Nf8 16. Nh2 Ng6 17. Ng4 Nxg4 18. hxg4 Bg5 19. Nf5 Bxc1 20. Rxc1 Qg5 21. g3 Bxf5
22. exf5 Ne7 23. Kg2 h5 24. f3 g6 25. Rh1 Kg7 26. gxh5 Rh8 27. fxg6 fxg6 28.
Be4 gxh5 29. Rh4 Raf8 30. Qc2 Rh6 31. Rch1 Ng6 32. Bxg6 Rxg6 33. g4 Qf4 34.
Qxg6+ Kxg6 35. gxh5+ Kh6 36. Rxf4 exf4 37. Re1 Kxh5 38. Re6 Rg8+ 39. Kf2 Rg6
40. Re4 Kg5 41. b3 Kf5 42. c4 b4 43. Re7 Rh6 44. Kg2 Rg6+ 45. Kf2 Rh6 1/2-1/2

[Event "Plzen, FSB A"]
[Site "?"]
[Date "2003.??.??"]
[Round "5.33"]
[White "Hlavac, R."]
[Black "Choisy, M."]
[Result "1-0"]
[WhiteElo "2150"]
[BlackElo "2024"]
[PlyCount "81"]
[EventDate "2003.??.??"]
[Source "ChessBase"]
[SourceDate "1996.11.15"]

1. e4 c5 2. Nf3 e6 3. d4 cxd4 4. Nxd4 a6 5. c4 Nf6 6. Bd3 Qc7 7. O-O Bc5 8. Nb3
Ba7 9. Nc3 Nc6 10. Kh1 h5 11. f4 Ng4 12. Qe2 d6 13. Bd2 Qe7 14. Be1 Bd7 15. Rc1
g5 16. Bg3 gxf4 17. Bxf4 O-O-O 18. Nb5 axb5 19. cxb5 e5 20. bxc6 exf4 21. cxd7+
Kb8 22. Rxf4 Be3 23. Rc8+ Rxc8 24. dxc8=Q+ Kxc8 25. Rxg4 hxg4 26. Qxe3 Qh4 27.
Qf4 Qe1+ 28. Bf1 g3 29. h3 Rh4 30. Qc1+ Qxc1 31. Nxc1 Rxe4 32. Kg1 Kd7 33. Be2
Ke6 34. Kf1 d5 35. Ke1 Ke5 36. Kd2 Rh4 37. Bf3 b5 38. Ne2 b4 39. Nxg3 Rd4+ 40.
Ke3 f5 41. Nxf5 1-0

[Event "Plzen, FSB A"]
[Site "?"]
[Date "2003.??.??"]
[Round "5.34"]
[White "Barbet, L."]
[Black "Podbrdsky, P."]
[Result "1/2-1/2"]
[WhiteElo "1900"]
[BlackElo "2142"]
[PlyCount "35"]
[EventDate "2003.??.??"]
[Source "ChessBase"]
[SourceDate "1996.11.15"]

1. e4 e5 2. Nf3 Nc6 3. Bc4 Bc5 4. c3 Nf6 5. d3 O-O 6. O-O a6 7. b4 Be7 8. Re1
b5 9. Bd5 Nxd5 10. exd5 Nb8 11. Nxe5 Bb7 12. Qb3 d6 13. Nf3 Nd7 14. Bb2 a5 15.
bxa5 Nc5 16. Qc2 Bxd5 17. Nd4 Bf6 18. Nb3 1/2-1/2

[Event "Plzen, FSB A"]
[Site "?"]
[Date "2003.??.??"]
[Round "5.35"]
[White "Vrana, J."]
[Black "Tuma, J."]
[Result "0-1"]
[WhiteElo "1855"]
[BlackElo "2138"]
[PlyCount "50"]
[EventDate "2003.??.??"]
[Source "ChessBase"]
[SourceDate "1996.11.15"]

1. e4 e5 2. f4 d5 3. exd5 e4 4. Nc3 Nf6 5. d3 Bb4 6. Bd2 e3 7. Bxe3 Nxd5 8. Bd2
Bxc3 9. bxc3 O-O 10. c4 Re8+ 11. Be2 Nf6 12. Nf3 Qe7 13. Ne5 Nfd7 14. Bc3 f6
15. Nf3 Nc5 16. Qd2 Na4 17. Bb4 c5 18. Ba3 Nc3 19. Nd4 Nxe2 20. Nxe2 Bg4 21. h3
Bxe2 22. Kf2 Bh5 23. Rhe1 Qd6 24. Rxe8+ Bxe8 25. Qe3 Na6 0-1

[Event "Plzen, FSB A"]
[Site "?"]
[Date "2003.??.??"]
[Round "5.36"]
[White "Vagner, T."]
[Black "Vlcek, J."]
[Result "1-0"]
[WhiteElo "2161"]
[BlackElo "1840"]
[PlyCount "55"]
[EventDate "2003.??.??"]
[Source "ChessBase"]
[SourceDate "1996.11.15"]

1. e4 c5 2. Nf3 d6 3. c3 Nf6 4. Be2 Nc6 5. d3 e6 6. O-O Be7 7. h3 Qc7 8. Re1
Bd7 9. Bf1 h6 10. d4 d5 11. exd5 Nxd5 12. c4 Nf6 13. d5 Nd4 14. Nxd4 cxd4 15.
Qxd4 Bc5 16. Qf4 Bd6 17. Qf3 O-O-O 18. Nc3 a6 19. Be3 e5 20. a3 Rde8 21. Bd3 e4
22. Nxe4 Nxe4 23. Bxe4 Re5 24. c5 f5 25. Bd3 Rxe3 26. Rxe3 Qxc5 27. Bxf5 Bxf5
28. Rc3 1-0

[Event "Plzen, FSB A"]
[Site "?"]
[Date "2003.??.??"]
[Round "5.37"]
[White "Galicek, S."]
[Black "Vinklarek, O."]
[Result "1-0"]
[WhiteElo "2155"]
[BlackElo "2061"]
[PlyCount "53"]
[EventDate "2003.??.??"]
[Source "ChessBase"]
[SourceDate "1996.11.15"]

1. d4 Nf6 2. c4 g6 3. g3 Bg7 4. Bg2 O-O 5. Nc3 d6 6. Nf3 Nc6 7. O-O e5 8. d5
Ne7 9. e4 Nd7 10. Ne1 f5 11. Nd3 Nf6 12. Bg5 h6 13. Bxf6 Bxf6 14. f4 exf4 15.
Nxf4 a6 16. Qd2 Qe8 17. Rae1 Qf7 18. Ne6 Bxe6 19. dxe6 Qg7 20. exf5 Nxf5 21.
Bxb7 Rab8 22. Bd5 Kh7 23. Nd1 Bxb2 24. e7 Rfe8 25. g4 Nd4 26. Nxb2 Rxb2 27.
Qxb2 1-0

[Event "Plzen, FSB A"]
[Site "?"]
[Date "2003.??.??"]
[Round "5.38"]
[White "Sochor, S."]
[Black "Kamenik, M."]
[Result "1/2-1/2"]
[WhiteElo "2141"]
[BlackElo "2057"]
[PlyCount "107"]
[EventDate "2003.??.??"]
[Source "ChessBase"]
[SourceDate "1996.11.15"]

1. d4 Nf6 2. Nf3 d6 3. g3 g6 4. Bg2 Bg7 5. O-O O-O 6. b3 c6 7. Bb2 Bf5 8. h3
Qc7 9. Nbd2 Re8 10. Nh4 Bd7 11. e4 e5 12. dxe5 dxe5 13. Nc4 Nh5 14. Qd6 Qc8 15.
Kh2 Bf8 16. Qd2 f6 17. Rad1 Be6 18. Nd6 Bxd6 19. Qxd6 Qd7 20. f4 exf4 21. g4
Ng7 22. Qxf4 Qf7 23. Bxf6 Nd7 24. e5 Nb6 25. c4 Rf8 26. Be4 Nd7 27. Qg5 Qe8 28.
Nxg6 hxg6 29. Bxg6 Rf7 30. Qh6 Nf8 31. Bxf7+ Qxf7 32. Rd6 Re8 33. g5 Qg6 34.
Bxg7 Qxg7 35. Qxg7+ Kxg7 36. Rf6 Bc8 37. h4 Bg4 38. Kg3 Bh5 39. Rh6 Bf7 40. e6
Bxe6 41. Rf6 Bf7 42. Rf2 Re7 43. Rdf6 Nd7 44. Rd6 Nc5 45. Kf4 Re4+ 46. Kf3 Bh5+
47. Kg3 Re7 48. Rf4 Bg6 49. Rd1 a5 50. Rfd4 Bh5 51. Rf1 Re3+ 52. Kg2 Re2+ 53.
Rf2 Re5 54. Rd8 1/2-1/2

[Event "Plzen, FSB A"]
[Site "?"]
[Date "2003.??.??"]
[Round "5.39"]
[White "Kupka, F."]
[Black "Vrchotka, J."]
[Result "1-0"]
[WhiteElo "2011"]
[BlackElo "2140"]
[PlyCount "72"]
[EventDate "2003.??.??"]
[Source "ChessBase"]
[SourceDate "1996.11.15"]

1. e4 d6 2. d4 Nf6 3. Nc3 g6 4. Be3 Bg7 5. Qd2 Ng4 6. Bg5 f6 7. Bh4 O-O 8. h3
Nh6 9. f4 c6 10. Nf3 Qc7 11. Bd3 e5 12. dxe5 dxe5 13. fxe5 fxe5 14. Bc4+ Kh8
15. O-O-O b5 16. Bb3 a5 17. Ng5 a4 18. Ne6 Bxe6 19. Bxe6 Nf7 20. Kb1 Na6 21.
Rhf1 h6 22. Qd7 Qxd7 23. Bxd7 Nb8 24. Be7 Nxd7 25. Rxd7 Kg8 26. Bxf8 Rxf8 27.
a3 h5 28. Rc7 Nd8 29. Rxf8+ Bxf8 30. Kc1 Bc5 31. Rc8 Be7 32. Kd2 Kf7 33. Ne2
Ke6 34. Rc7 Kd6 35. Ra7 c5 36. Nc3 Bg5+ 1-0

[Event "Plzen, FSB A"]
[Site "?"]
[Date "2003.??.??"]
[Round "5.40"]
[White "Purnoch, J."]
[Black "Prazak, O."]
[Result "1/2-1/2"]
[WhiteElo "2139"]
[BlackElo "2010"]
[PlyCount "81"]
[EventDate "2003.??.??"]
[Source "ChessBase"]
[SourceDate "1996.11.15"]

1. d4 Nf6 2. c4 e6 3. Nc3 d5 4. Nf3 Nbd7 5. Bg5 Be7 6. e3 O-O 7. Qc2 b6 8.
O-O-O Bb7 9. h4 Rc8 10. Kb1 c5 11. dxc5 Rxc5 12. Nd2 Re8 13. f3 dxc4 14. Bxc4
Nd5 15. Bxd5 Bxd5 16. Nde4 Bxe4 17. Qxe4 Qc8 18. Qa4 Ne5 19. Bxe7 Rxe7 20. Ne4
Ra5 21. Rc1 Qd8 22. Rhd1 Nd3 23. Qc4 Rd7 24. Rc3 Rad5 25. Qc8 Kf8 26. Qxd8+
Rxd8 27. Rc7 R8d7 28. Rxd7 Rxd7 29. Nf2 Nc5 30. Rxd7 Nxd7 31. Kc2 Ke7 32. Ne4
Nf6 33. Nc3 Nd5 34. Nxd5+ exd5 35. Kd3 Kd6 36. Kd4 f5 37. g4 g6 38. g5 Ke6 39.
b4 Kd6 40. a4 Ke6 41. f4 1/2-1/2

[Event "Plzen, FSB A"]
[Site "?"]
[Date "2003.??.??"]
[Round "5.41"]
[White "Horak, J."]
[Black "Fales, A."]
[Result "1-0"]
[WhiteElo "2138"]
[BlackElo "1937"]
[PlyCount "63"]
[EventDate "2003.??.??"]
[Source "ChessBase"]
[SourceDate "1996.11.15"]

1. Nf3 Nf6 2. c4 c6 3. d4 d5 4. cxd5 cxd5 5. Nc3 Nc6 6. Bf4 e6 7. e3 Ne4 8.
Nxe4 dxe4 9. Nd2 f5 10. Bc4 Nb4 11. O-O Nd5 12. Be5 h5 13. Rc1 Bd6 14. Bb5+ Kf8
15. Nc4 Be7 16. Nd2 Bd7 17. Bc4 Bc6 18. a3 Qd7 19. Qe2 a6 20. f3 Nf6 21. Bxf6
gxf6 22. fxe4 Bxe4 23. Nxe4 fxe4 24. Qc2 Qc6 25. Qb3 h4 26. Bxe6 Qd6 27. Bf5 h3
28. Bg6 Rh7 29. Bxh7 Kg7 30. Bxe4 hxg2 31. Rf3 Rh8 32. Rg3+ 1-0

[Event "Plzen, FSB A"]
[Site "?"]
[Date "2003.??.??"]
[Round "5.42"]
[White "Vladyka, V."]
[Black "Novy, V."]
[Result "0-1"]
[WhiteElo "2079"]
[BlackElo "2107"]
[PlyCount "82"]
[EventDate "2003.??.??"]
[Source "ChessBase"]
[SourceDate "1996.11.15"]

1. e4 c5 2. Nf3 d6 3. d4 cxd4 4. Nxd4 Nf6 5. Nc3 g6 6. f4 Bg7 7. e5 Nh5 8. Bb5+
Bd7 9. g4 Nxf4 10. exd6 Ne6 11. Nxe6 fxe6 12. Bxd7+ Nxd7 13. Qd3 Qa5 14. Bd2
Qe5+ 15. Qe4 exd6 16. O-O-O Nc5 17. Qxe5 Bxe5 18. Nb5 d5 19. Rde1 Ne4 20. Be3
a6 21. Nd4 Ke7 22. Nf3 Bd6 23. Nd2 Nxd2 24. Kxd2 e5 25. Bd4 Ke6 26. Re2 Rae8
27. Rhe1 Kf6 28. h4 Re6 29. g5+ Kf5 30. Bc3 Rhe8 31. Rg2 d4 32. Kd3 e4+ 33.
Kxd4 Bf4 34. Rf1 Rc6 35. Ba5 b6 36. Bxb6 Rxb6 37. Rgf2 Rd8+ 38. Kc5 Rb5+ 39.
Kc4 Rc8+ 40. Kd4 Rb4+ 41. Kd5 e3 0-1

[Event "Plzen, FSB A"]
[Site "?"]
[Date "2003.??.??"]
[Round "5.43"]
[White "Kratochvil, M."]
[Black "Hasek, P."]
[Result "1-0"]
[WhiteElo "2102"]
[BlackElo "1934"]
[PlyCount "61"]
[EventDate "2003.??.??"]
[Source "ChessBase"]
[SourceDate "1996.11.15"]

1. d4 d5 2. c4 c6 3. Nc3 Nf6 4. Nf3 e6 5. e3 Nbd7 6. Bd3 Bd6 7. O-O O-O 8. e4
dxc4 9. Bxc4 e5 10. Bg5 h6 11. Bh4 Re8 12. Re1 a6 13. Bg3 Qc7 14. Qb3 Rf8 15.
Rad1 b5 16. Bf1 Re8 17. Rd2 Bb7 18. Qd1 Rad8 19. dxe5 Nxe5 20. Nxe5 Bxe5 21.
Bxe5 Rxd2 22. Bxc7 Rxd1 23. Rxd1 c5 24. f3 Bc8 25. Nd5 Nh7 26. Bd6 c4 27. Ne7+
Kh8 28. Nxc8 Rxc8 29. Be7 Ng5 30. Rd8+ Rxd8 31. Bxd8 1-0

[Event "Plzen, FSB A"]
[Site "?"]
[Date "2003.??.??"]
[Round "5.44"]
[White "Micka, V."]
[Black "Cichy, M."]
[Result "0-1"]
[WhiteElo "1982"]
[BlackElo "2097"]
[PlyCount "52"]
[EventDate "2003.??.??"]
[Source "ChessBase"]
[SourceDate "1996.11.15"]

1. f4 d5 2. Nf3 c5 3. e3 Nc6 4. c3 Bg4 5. d4 c4 6. b3 b5 7. Be2 e6 8. O-O Nf6
9. a4 Na5 10. Nbd2 a6 11. Ne5 Bxe2 12. Qxe2 Bd6 13. Ba3 O-O 14. Bxd6 Qxd6 15.
b4 Nc6 16. Ra2 Na7 17. Rfa1 bxa4 18. Rxa4 Nb5 19. Nb1 Ne4 20. Qc2 Ra7 21. Nxc4
Qc7 22. Ne5 f6 23. Nd3 Qc4 24. Nc5 Nexc3 25. Nxc3 Nxc3 26. Kf2 Ne4+ 0-1

[Event "Plzen, FSB A"]
[Site "?"]
[Date "2003.??.??"]
[Round "5.45"]
[White "Kriz, L."]
[Black "Pravdik, K."]
[Result "1-0"]
[WhiteElo "2097"]
[BlackElo "1893"]
[PlyCount "61"]
[EventDate "2003.??.??"]
[Source "ChessBase"]
[SourceDate "1996.11.15"]

1. e4 c5 2. c3 Nf6 3. e5 Nd5 4. g3 d6 5. exd6 e5 6. Bg2 Qxd6 7. Ne2 Nc6 8. O-O
Be7 9. d4 exd4 10. cxd4 Be6 11. dxc5 Qxc5 12. Nbc3 Rd8 13. Qa4 O-O 14. Ne4 Qb4
15. Qc2 h6 16. a3 Qb6 17. b4 Rc8 18. Qa4 f5 19. Nc5 Bxc5 20. bxc5 Qxc5 21. Bb2
Qa5 22. Qxa5 Nxa5 23. Nd4 Nc7 24. Nxe6 Nxe6 25. Bd5 Rfe8 26. Rfe1 Kf7 27. Re5
Nc4 28. Rxe6 Rxe6 29. Re1 Kf8 30. Bxe6 Re8 31. Bc3 1-0

[Event "Plzen, FSB A"]
[Site "?"]
[Date "2003.??.??"]
[Round "5.46"]
[White "Beran, B."]
[Black "Skacel, J."]
[Result "0-1"]
[WhiteElo "1935"]
[BlackElo "2093"]
[PlyCount "85"]
[EventDate "2003.??.??"]
[Source "ChessBase"]
[SourceDate "1996.11.15"]

1. d4 Nf6 2. c4 g6 3. g3 Bg7 4. Bg2 O-O 5. e4 d6 6. Ne2 e5 7. O-O Nbd7 8. Nbc3
exd4 9. Nxd4 a5 10. Bg5 h6 11. Bf4 Ne5 12. b3 Nfd7 13. Rc1 Nc5 14. Qd2 Ned3 15.
Ndb5 Nxc1 16. Rxc1 Kh7 17. Rd1 Bg4 18. f3 Bd7 19. Be3 Bc6 20. Qc2 Qe7 21. Bf2
Na6 22. a3 Qe6 23. Nd4 Qf6 24. Nce2 Bd7 25. h4 Kg8 26. Nf4 c6 27. Nde2 Qb2 28.
Qxb2 Bxb2 29. Rxd6 Bc8 30. a4 Ba3 31. Rd1 Be7 32. h5 g5 33. Nd3 Rd8 34. f4 Bg4
35. Kf1 Nb4 36. Nb2 Rxd1+ 37. Nxd1 gxf4 38. gxf4 Nd3 39. Ne3 Nxf2 40. Kxf2 Bxh5
41. Nf5 Bc5+ 42. Ke1 Bb4+ 43. Kf2 0-1

[Event "Plzen, FSB A"]
[Site "?"]
[Date "2003.??.??"]
[Round "5.47"]
[White "Postupa, P."]
[Black "Kratochvil, J."]
[Result "1-0"]
[WhiteElo "2132"]
[BlackElo "1977"]
[PlyCount "67"]
[EventDate "2003.??.??"]
[Source "ChessBase"]
[SourceDate "1996.11.15"]

1. e4 d5 2. exd5 Nf6 3. Nf3 Nxd5 4. d4 Bg4 5. Be2 e6 6. c3 Be7 7. Qb3 b6 8.
Bb5+ Kf8 9. Ne5 Bh5 10. O-O a6 11. Bd3 Bd6 12. f4 Bxe5 13. fxe5 Bg6 14. c4 Ne7
15. Bxg6 hxg6 16. Qf3 Nf5 17. Rd1 Nd7 18. Bg5 f6 19. Bf4 g5 20. Bxg5 fxg5 21.
g4 g6 22. Nc3 Kg7 23. gxf5 gxf5 24. Qc6 Qe7 25. Re1 Rac8 26. Rad1 Rh4 27. d5
Qc5+ 28. Qxc5 Nxc5 29. dxe6 Rxc4 30. Rd7+ Nxd7 31. exd7 Rg4+ 32. Kh1 Rd8 33. e6
Kf6 34. Nd5+ 1-0

[Event "Plzen, FSB A"]
[Site "?"]
[Date "2003.??.??"]
[Round "5.48"]
[White "Hajek, J."]
[Black "Wunsch, J."]
[Result "1/2-1/2"]
[WhiteElo "2029"]
[BlackElo "2130"]
[PlyCount "50"]
[EventDate "2003.??.??"]
[Source "ChessBase"]
[SourceDate "1996.11.15"]

1. e4 c5 2. Nf3 e6 3. b3 d6 4. Bb2 Nf6 5. e5 dxe5 6. Nxe5 Be7 7. Bb5+ Bd7 8.
Nxd7 Nbxd7 9. Qf3 Qc7 10. O-O O-O 11. Na3 Rfd8 12. Rfe1 a6 13. Bd3 b5 14. c4 b4
15. Nc2 Bd6 16. Qh3 Be5 17. Bxe5 Nxe5 18. Re3 Nxd3 19. Rxd3 Rxd3 20. Qxd3 Rd8
21. Qe2 Qf4 22. d4 cxd4 23. Nxb4 Qd6 24. Nd3 Nd7 25. Re1 Nc5 1/2-1/2

[Event "Plzen, FSB A"]
[Site "?"]
[Date "2003.??.??"]
[Round "5.49"]
[White "Staszko, M."]
[Black "Kovarik, J."]
[Result "1-0"]
[WhiteElo "2083"]
[BlackElo "2007"]
[PlyCount "107"]
[EventDate "2003.??.??"]
[Source "ChessBase"]
[SourceDate "1996.11.15"]

1. e4 g6 2. d4 Bg7 3. f4 d6 4. Nc3 Nc6 5. Nf3 Bg4 6. Be3 e5 7. Bb5 Bxf3 8. gxf3
Qh4+ 9. Bf2 Qxf4 10. Nd5 Qg5 11. Bxc6+ bxc6 12. Nxc7+ Kd7 13. Nxa8 Ne7 14. Qd3
exd4 15. Bxd4 Bxd4 16. Qxd4 Rxa8 17. Qd2 Qe5 18. O-O-O c5 19. Rhe1 Rb8 20. c3
Qe6 21. Kb1 f6 22. f4 Kc7 23. Qd3 Rb6 24. Re2 a5 25. Qc2 Qc4 26. Qd3 Qe6 27.
Ka1 a4 28. f5 Qf7 29. h4 Qg7 30. Rf2 g5 31. hxg5 Qxg5 32. Qd2 Qg4 33. Rg2 Qh4
34. Rh2 Qg4 35. Rxh7 Kd8 36. Rdh1 a3 37. b3 Qf3 38. Qc2 Rb7 39. Rd1 Rd7 40. Rh6
d5 41. Rxf6 dxe4 42. Rxd7+ Kxd7 43. Re6 e3 44. Qd3+ Nd5 45. Rh6 Qg2 46. Rh7+
Kd8 47. Rh8+ Ke7 48. f6+ Kxf6 49. Rh6+ Ke5 50. Rh5+ Ke6 51. Qa6+ Kf7 52. Qb7+
Ke6 53. Qc6+ Ke7 54. Rh7+ 1-0

[Event "Plzen, FSB A"]
[Site "?"]
[Date "2003.??.??"]
[Round "5.50"]
[White "Toman, J."]
[Black "Sladek, J."]
[Result "1/2-1/2"]
[WhiteElo "1940"]
[BlackElo "2081"]
[PlyCount "86"]
[EventDate "2003.??.??"]
[Source "ChessBase"]
[SourceDate "1996.11.15"]

1. Nf3 d6 2. d4 Nd7 3. c4 g6 4. Nc3 Bg7 5. e4 e5 6. Be2 Ne7 7. O-O O-O 8. dxe5
dxe5 9. Qc2 c5 10. Nd5 Nc6 11. Rb1 a5 12. b3 Nb6 13. Ba3 Nb4 14. Bxb4 axb4 15.
Rbd1 Be6 16. Nxb4 Qe7 17. Nd5 Bxd5 18. cxd5 Nc8 19. a4 b6 20. Nd2 Nd6 21. Nc4
Rab8 22. Ra1 f5 23. Nxd6 Qxd6 24. f3 Bh6 25. Qd3 Rf6 26. Ra2 Rbf8 27. a5 fxe4
28. fxe4 bxa5 29. Bf3 Qb6 30. Kh1 g5 31. h3 g4 32. Be2 gxh3 33. gxh3 Rxf1+ 34.
Bxf1 Bf4 35. Rc2 Qd6 36. Qa6 Qe7 37. d6 Qe6 38. Rf2 Rd8 39. Qxa5 Qxd6 40. Qa7
Bg5 41. Rg2 Qh6 42. Rg4 Kh8 43. Qxc5 Qf6 1/2-1/2

[Event "Plzen, FSB A"]
[Site "?"]
[Date "2003.??.??"]
[Round "5.51"]
[White "Krejcova, K."]
[Black "Cvikl, M."]
[Result "0-1"]
[WhiteElo "1848"]
[BlackElo "2078"]
[PlyCount "58"]
[EventDate "2003.??.??"]
[Source "ChessBase"]
[SourceDate "1996.11.15"]

1. e4 c5 2. Nf3 e6 3. d4 cxd4 4. Nxd4 a6 5. Nc3 Qc7 6. Be2 Nf6 7. a3 b5 8. f4
d6 9. O-O Bb7 10. Bf3 Nbd7 11. Qe1 Rd8 12. g4 Nb6 13. Qg3 d5 14. exd5 Nfxd5 15.
Nce2 Bd6 16. Qg2 Nc4 17. Qf2 Bc5 18. c3 O-O 19. Qh4 Rd7 20. Bg2 Nde3 21. Bxb7
Qxb7 22. Rf2 Nc2 23. Rb1 Bxd4 24. cxd4 Nxd4 25. Nxd4 Rxd4 26. Rf1 Qe4 27. b3
Qxb1 28. bxc4 bxc4 29. Qf2 Rfd8 0-1

[Event "Plzen, FSB A"]
[Site "?"]
[Date "2003.??.??"]
[Round "5.52"]
[White "Kalista, K."]
[Black "Kovar, J."]
[Result "1-0"]
[WhiteElo "2074"]
[BlackElo "1922"]
[PlyCount "160"]
[EventDate "2003.??.??"]
[Source "ChessBase"]
[SourceDate "1996.11.15"]

1. d4 Nf6 2. c4 c5 3. Nf3 g6 4. Nc3 Bg7 5. e3 cxd4 6. exd4 O-O 7. Be2 d5 8. c5
Ne4 9. Qb3 Nxc3 10. Qxc3 Nc6 11. h3 Qc7 12. Be3 e5 13. dxe5 Nxe5 14. Nxe5 Bxe5
15. Bd4 Re8 16. Bxe5 Rxe5 17. Rc1 Bf5 18. Kf1 Qe7 19. Bf3 Re8 20. g3 h5 21. h4
Be4 22. Kg2 d4 23. Qxd4 Rd8 24. Qb4 Bxf3+ 25. Kxf3 Qf6+ 26. Kg2 Qc6+ 27. Kh2
Re2 28. Rhf1 Rdd2 29. Qf4 Rxb2 30. a3 Rbd2 31. Rc3 Kg7 32. Rf3 Qe6 33. Kg2 Rd5
34. Rb1 Ree5 35. Rxb7 Rf5 36. Qe3 Rfe5 37. Qb3 Rf5 38. Qc3+ Rfe5 39. Qb3 Rf5
40. Rxf5 Qxf5 41. c6 Qe5 42. c7 Qe4+ 43. Qf3 Qxf3+ 44. Kxf3 Rc5 45. Rxa7 Kf6
46. a4 Ke6 47. a5 Kd7 48. a6 Kc8 49. Rb7 Ra5 50. Rb6 Rf5+ 51. Ke4 Kxc7 52. Rb7+
Kc8 53. f3 Ra5 54. Rb6 Kd7 55. Kd4 g5 56. Rh6 gxh4 57. gxh4 Kd8 58. f4 Kd7 59.
Ke4 Ke7 60. Rb6 Kd7 61. Rb7+ Ke6 62. f5+ Kf6 63. Rb6+ Kg7 64. f6+ Kg6 65. Kd3
Kf5 66. Kc4 Kg4 67. Kb4 Ra2 68. Kb5 Kxh4 69. Rb7 Kg5 70. Rxf7 Kg6 71. Rf8 h4
72. Rh8 Kxf6 73. Rxh4 Ke6 74. Rd4 Ke5 75. Rd8 Rb2+ 76. Kc6 Ke6 77. a7 Rc2+ 78.
Kb7 Rb2+ 79. Kc7 Ke7 80. a8=Q Rc2+ 1-0

[Event "Plzen, FSB A"]
[Site "?"]
[Date "2003.??.??"]
[Round "5.53"]
[White "Traczewski, W."]
[Black "Kolar, J."]
[Result "0-1"]
[WhiteElo "1800"]
[BlackElo "2063"]
[PlyCount "42"]
[EventDate "2003.??.??"]
[Source "ChessBase"]
[SourceDate "1996.11.15"]

1. e4 c5 2. Nf3 e6 3. d4 cxd4 4. Nxd4 Nc6 5. Nc3 Qc7 6. f4 a6 7. Be3 b5 8. Bd3
Nxd4 9. Bxd4 Qxf4 10. Rf1 Qc7 11. Qf3 Nh6 12. O-O-O Bb7 13. Qf2 f6 14. h3 Be7
15. Rde1 Qc6 16. Qe3 O-O-O 17. Kb1 Rhf8 18. Ba7 Bb4 19. Qg3 Qc7 20. Qxc7+ Kxc7
21. Re3 Ra8 0-1

[Event "Plzen, FSB A"]
[Site "?"]
[Date "2003.??.??"]
[Round "5.54"]
[White "Snaidr, J."]
[Black "Adamek, F."]
[Result "0-1"]
[WhiteElo "2063"]
[BlackElo "2015"]
[PlyCount "98"]
[EventDate "2003.??.??"]
[Source "ChessBase"]
[SourceDate "1996.11.15"]

1. d4 f5 2. c4 g6 3. Nc3 Nf6 4. g3 Bg7 5. Bg2 c6 6. Nh3 Qc7 7. O-O O-O 8. Bf4
d6 9. d5 Nh5 10. Qd2 Nd7 11. Bh6 Nb6 12. Bxg7 Nxg7 13. b3 e5 14. dxe6 Bxe6 15.
Qh6 Nh5 16. Rad1 Rad8 17. Ng5 Qg7 18. Qxg7+ Nxg7 19. Rd2 h6 20. Nxe6 Nxe6 21.
Rfd1 Nc8 22. e4 Kg7 23. f4 Kf6 24. b4 a6 25. a4 Ke7 26. exf5 gxf5 27. Re1 Rf6
28. b5 axb5 29. axb5 Kd7 30. bxc6+ bxc6 31. Ra2 Nc7 32. Bf3 Re6 33. Rxe6 Nxe6
34. Kf2 Re8 35. Ra6 Nd4 36. g4 Nxf3 37. Kxf3 fxg4+ 38. Kxg4 Re3 39. Nd1 Re1 40.
Nf2 Re2 41. Kf3 Rc2 42. Ra4 Nb6 43. Ra7+ Ke6 44. Rh7 Nxc4 45. Rxh6+ Kd5 46. h4
Rc3+ 47. Kg4 Ne3+ 48. Kg5 Rc2 49. Nh3 Rh2 0-1

[Event "Plzen, FSB A"]
[Site "?"]
[Date "2003.??.??"]
[Round "5.55"]
[White "Houska, J."]
[Black "Letourneur, A."]
[Result "1-0"]
[WhiteElo "2056"]
[BlackElo "1830"]
[PlyCount "71"]
[EventDate "2003.??.??"]
[Source "ChessBase"]
[SourceDate "1996.11.15"]

1. e4 e6 2. d4 d5 3. Nd2 Nf6 4. e5 Nfd7 5. Bd3 c5 6. c3 Nc6 7. Ngf3 Qb6 8. O-O
cxd4 9. cxd4 Nxd4 10. Nxd4 Qxd4 11. Nf3 Qb6 12. Qa4 Qb4 13. Qc2 Qc5 14. Qe2 Be7
15. Be3 Qc7 16. Rac1 Qd8 17. Rc3 O-O 18. Rfc1 f6 19. exf6 Bxf6 20. Bd4 Qe8 21.
Ne5 Nxe5 22. Bxe5 Bxe5 23. Qxe5 Qf7 24. Rc7 Qxf2+ 25. Kh1 Qf6 26. Qxf6 gxf6 27.
Bxh7+ Kh8 28. Bg6 Kg8 29. Re7 Rd8 30. Rcc7 f5 31. h4 d4 32. h5 d3 33. Rg7+ Kh8
34. Rh7+ Kg8 35. Rcg7+ Kf8 36. h6 1-0

[Event "Plzen, FSB A"]
[Site "?"]
[Date "2003.??.??"]
[Round "5.56"]
[White "Huisman, H."]
[Black "Kubik, J."]
[Result "1-0"]
[WhiteElo "2135"]
[BlackElo "1863"]
[PlyCount "47"]
[EventDate "2003.??.??"]
[Source "ChessBase"]
[SourceDate "1996.11.15"]

1. d4 Nf6 2. Nc3 d5 3. e4 dxe4 4. f3 e3 5. Bxe3 e6 6. Qd2 Bb4 7. Bd3 Nd5 8. Bf2
Nxc3 9. bxc3 Ba5 10. Ne2 Qe7 11. O-O O-O 12. Ng3 Nd7 13. Rae1 Qd6 14. Nh5 f6
15. Re4 Qd5 16. Nf4 Qc6 17. Nxe6 Bxc3 18. Qf4 g5 19. Qg3 Bd2 20. Nxf8 Nxf8 21.
Be3 Bxe3+ 22. Rxe3 Qd5 23. Qxc7 Qxd4 24. Qc4+ 1-0

[Event "Plzen, FSB A"]
[Site "?"]
[Date "2003.??.??"]
[Round "5.57"]
[White "Miskolczi, V."]
[Black "Postupa, P."]
[Result "1/2-1/2"]
[WhiteElo "2019"]
[BlackElo "1863"]
[PlyCount "114"]
[EventDate "2003.??.??"]
[Source "ChessBase"]
[SourceDate "1996.11.15"]

1. f4 d5 2. Nf3 c5 3. g3 Nf6 4. Bg2 e6 5. O-O Bd6 6. d3 O-O 7. c3 Nc6 8. Qc2
Qc7 9. a4 Rb8 10. Na3 a6 11. e4 dxe4 12. dxe4 Be7 13. Nc4 b5 14. axb5 axb5 15.
Nce5 Nxe5 16. Nxe5 Nd7 17. Nxd7 Bxd7 18. Be3 Ra8 19. e5 Bc6 20. Bxc6 Qxc6 21.
Qg2 Qxg2+ 22. Kxg2 Rfd8 23. Kf3 Kf8 24. Ke4 Ke8 25. g4 f6 26. f5 Kf7 27. fxe6+
Kxe6 28. exf6 gxf6 29. h3 Rxa1 30. Rxa1 Rd5 31. Bf4 Rd7 32. Ra6+ Kf7 33. Rb6 b4
34. cxb4 cxb4 35. Rc6 Rd1 36. Rc1 Rd7 37. b3 Ke6 38. Rc6+ Kf7 39. Be3 Rd1 40.
Rc1 Rd7 41. Bd4 Bd6 42. Rf1 Re7+ 43. Kd3 Be5 44. Bxe5 Rxe5 45. Rf5 Re1 46. g5
Kg6 47. Rxf6+ Kxg5 48. Rb6 Rh1 49. Rb5+ Kg6 50. Rxb4 Rxh3+ 51. Ke2 h5 52. Rb8
Rh2+ 53. Kf3 Rh3+ 54. Kg2 Rc3 55. b4 Rb3 56. b5 Kh6 57. b6 Kg6 1/2-1/2

[Event "Plzen, FSB A"]
[Site "?"]
[Date "2003.??.??"]
[Round "6.1"]
[White "Fedorchuk, S."]
[Black "Haba, P."]
[Result "1/2-1/2"]
[WhiteElo "2557"]
[BlackElo "2502"]
[PlyCount "29"]
[EventDate "2003.??.??"]
[Source "ChessBase"]
[SourceDate "1996.11.15"]

1. e4 e5 2. Nf3 Nc6 3. Bb5 Nf6 4. d3 d6 5. O-O g6 6. d4 Bd7 7. dxe5 Nxe5 8.
Bxd7+ Qxd7 9. Nc3 Bg7 10. Bg5 Qg4 11. Bxf6 Bxf6 12. Nd4 Qxd1 13. Raxd1 c6 14.
Nde2 O-O-O 15. b3 1/2-1/2